[Event "Hastings Premier 1986/87 62nd"]
[Site "Hastings, Queen's Hotel"]
[Date "1987.01.08"]
[Round "9"]
[White "Hodgson, Julian"]
[Black "Kudrin, Sergey"]
[Result "1/2-1/2"]
[WhiteElo "2500"]
[BlackElo "2495"]
[PlyCount "98"]
[EventDate "1986.12.29"]
[EventType "tourn"]
[EventRounds "13"]
[EventCountry "ENG"]
[EventCategory "10"]
[SourceTitle "Britbase"]

1. e4 c5 2. Nc3 Nc6 3. g3 g6 4. Bg2 Bg7 5. d3 d6 6. f4 e5 7. Nh3 exf4 8. Bxf4
Nge7 9. O-O h6 10. Qd2 g5 11. Be3 Ne5 12. Nf2 O-O 13. h4 f6 14. Rad1 Qe8 15.
Qe2 gxh4 16. gxh4 f5 17. Nh3 f4 18. Nxf4 Bg4 19. Qe1 Bxd1 20. Nxd1 N7g6 21. Qg3
Kh7 22. Bh3 Ne7 23. Kh1 N5g6 24. Nf2 Be5 25. Ng4 Nxf4 26. Bxf4 Bxf4 27. Rxf4
Qg6 28. h5 Qg5 29. Rxf8 Rxf8 30. Qxd6 Rf7 31. Kh2 Nc6 32. c3 Qd2+ 33. Bg2 Qg5
34. Qd5 Qxd5 35. exd5 Nd8 36. Kg3 Kg7 37. Bf3 Re7 38. Be4 Nf7 39. Kf4 Nd6 40.
c4 Re8 41. Ne3 Kf6 42. Bg6 Re7 43. Ng4+ Kg7 44. Nf2 Re2 45. Ne4 Nxe4 46. dxe4
Kf6 47. d6 Ke6 48. e5 Rf2+ 49. Ke4 Re2+ 1/2-1/2

[Event "Hastings Premier 1986/87 62nd"]
[Site "Hastings, Queen's Hotel"]
[Date "1987.01.08"]
[Round "9"]
[White "Petursson, Margeir"]
[Black "Gufeld, Eduard"]
[Result "1/2-1/2"]
[WhiteElo "2510"]
[BlackElo "2480"]
[PlyCount "115"]
[EventDate "1986.12.29"]
[EventType "tourn"]
[EventRounds "13"]
[EventCountry "ENG"]
[EventCategory "10"]
[SourceTitle "Britbase"]

1. d4 Nf6 2. c4 g6 3. Nc3 Bg7 4. e4 d6 5. f3 O-O 6. Be3 Nc6 7. Qd2 a6 8. O-O-O
b5 9. cxb5 axb5 10. Bxb5 Na5 11. Kb1 Ba6 12. Bxa6 Rxa6 13. Qd3 Qa8 14. Nge2 Rb8
15. Bc1 e6 16. h4 d5 17. h5 Nc4 18. hxg6 hxg6 19. b3 c5 20. dxc5 Nd7 21. exd5
exd5 22. Qxd5 Rxb3+ 23. axb3 Ra1+ 24. Kc2 Rxc1+ 25. Nxc1 Ne3+ 26. Kb1 Nxd5 27.
Rxd5 Bxc3 28. Rxd7 Qa3 29. Kc2 Qxc5 30. Rhd1 Bf6+ 31. Kb1 Qc3 32. R7d2 Qa1+ 33.
Kc2 Kg7 34. f4 Qb2+ 35. Kd3 Qd4+ 36. Kc2 Qb2+ 37. Kd3 Qd4+ 38. Kc2 Qxf4 39. Kb1
Qg4 40. Rf1 Qe4+ 41. Rc2 g5 42. Rf3 g4 43. Rd3 Qe5 44. Ra2 Bg5 45. Rc2 Bf6 46.
Ra2 Bg5 47. Rc2 Bf6 48. Ra2 Bg5 49. Rc2 Qf5 50. Rdc3 Qf1 51. g3 Bf6 52. Rc4 Qf3
53. Rf4 Qxg3 54. Rcc4 Qh2 55. Rxg4+ Kh6 56. Rc2 Qe5 57. Ra4 Bg5 58. Rac4
1/2-1/2

[Event "Hastings Premier 1986/87 62nd"]
[Site "Hastings, Queen's Hotel"]
[Date "1987.01.09"]
[Round "10"]
[White "Kudrin, Sergey"]
[Black "Large, Peter G"]
[Result "1-0"]
[WhiteElo "2495"]
[BlackElo "2370"]
[PlyCount "76"]
[EventDate "1986.12.29"]
[EventType "tourn"]
[EventRounds "13"]
[EventCountry "ENG"]
[EventCategory "10"]
[SourceTitle "Britbase"]

1. e4 e5 2. Nf3 Nc6 3. Bc4 Bc5 4. c3 Nf6 5. b4 Bb6 6. d3 d6 7. O-O Bg4 8. Nbd2
h6 9. Re1 Ne7 10. h3 Bd7 11. d4 Ng6 12. a4 a6 13. Ba3 Qe7 14. Bb3 Ba7 15. b5
axb5 16. axb5 Bxb5 17. dxe5 Nxe5 18. Nxe5 Qxe5 19. Nf3 Qxc3 20. e5 O-O 21. exf6
Qxf6 22. Qc2 Bb6 23. Bb2 Bd3 24. Qd2 Qg6 25. Rad1 Be4 26. Nh4 Qh7 27. Qf4 Rae8
28. Ra1 d5 29. Qg3 Re6 30. Kh1 c6 31. Rxe4 Rxe4 32. Bc2 f5 33. Nxf5 Bxf2 34.
Ne7+ Rxe7 35. Bxh7+ Kxh7 36. Qd3+ Kg8 37. Rf1 Ref7 38. Qg6 d4 1-0

[Event "Hastings Premier 1986/87 62nd"]
[Site "Hastings, Queen's Hotel"]
[Date "1987.01.10"]
[Round "11"]
[White "Chandler, Murray G"]
[Black "Gufeld, Eduard"]
[Result "1/2-1/2"]
[WhiteElo "2565"]
[BlackElo "2480"]
[PlyCount "68"]
[EventDate "1986.12.29"]
[EventType "tourn"]
[EventRounds "13"]
[EventCountry "ENG"]
[EventCategory "10"]
[SourceTitle "Britbase"]

1. e4 g6 2. d4 Bg7 3. Nc3 c6 4. Nf3 d5 5. h3 Nf6 6. e5 Ne4 7. Bd3 Nxc3 8. bxc3
c5 9. dxc5 O-O 10. Be3 Nd7 11. Bd4 Qc7 12. O-O Nxe5 13. Nxe5 Bxe5 14. Qe2 Bh2+
15. Kh1 e5 16. Be3 e4 17. Bb5 Be5 18. Rad1 a6 19. Ba4 Be6 20. Bb3 Rad8 21. f3
Qc6 22. Bh6 Bg7 23. Bxg7 Kxg7 24. Qe3 Kg8 25. Qd4 Rc8 26. Bxd5 Bxd5 27. Qxd5
Qxc5 28. Qxe4 b5 29. Qb7 Qa3 30. f4 Rxc3 31. f5 Rxc2 32. fxg6 hxg6 33. Rd8 Kg7
34. Rxf8 Qxf8 1/2-1/2

[Event "Hastings Premier 1986/87 62nd"]
[Site "Hastings, Queen's Hotel"]
[Date "1987.01.10"]
[Round "11"]
[White "Petursson, Margeir"]
[Black "Hodgson, Julian"]
[Result "0-1"]
[WhiteElo "2510"]
[BlackElo "2500"]
[PlyCount "88"]
[EventDate "1986.12.29"]
[EventType "tourn"]
[EventRounds "13"]
[EventCountry "ENG"]
[EventCategory "10"]
[SourceTitle "Britbase"]

1. Nf3 Nf6 2. c4 e6 3. d4 c5 4. e3 d5 5. cxd5 exd5 6. Be2 Nc6 7. O-O cxd4 8.
Nxd4 Bd6 9. b3 O-O 10. Bb2 Re8 11. Nd2 Bd7 12. Rc1 Rc8 13. N2f3 Qe7 14. Qd3 Nb4
15. Qb1 Rxc1 16. Rxc1 Ne4 17. Rf1 g5 18. Qd1 g4 19. Nd2 Bxh2+ 20. Kxh2 Nxf2 21.
Rxf2 Qh4+ 22. Kg1 g3 23. N2f3 gxf2+ 24. Kf1 Qh1+ 25. Kxf2 Qxd1 26. Bxd1 Nd3+
27. Ke2 Nxb2 28. Bc2 a5 29. Kd2 a4 30. Bb1 Kg7 31. Ne2 Bg4 32. Nfd4 Bxe2 33.
Nxe2 h5 34. Bc2 Re5 35. Nd4 Rg5 36. g3 Kf6 37. Ne2 Re5 38. Nd4 Rg5 39. Ne2 a3
40. Kc3 Rg4 41. Nf4 Ke5 42. Nxh5 Rg5 43. Nf4 Rxg3 44. Kd2 d4 0-1

[Event "Hastings Premier 1986/87 62nd"]
[Site "Hastings, Queen's Hotel"]
[Date "1987.01.11"]
[Round "12"]
[White "Plaskett, H James"]
[Black "Petursson, Margeir"]
[Result "1-0"]
[WhiteElo "2435"]
[BlackElo "2510"]
[PlyCount "123"]
[EventDate "1986.12.29"]
[EventType "tourn"]
[EventRounds "13"]
[EventCountry "ENG"]
[EventCategory "10"]
[SourceTitle "Britbase"]

1. d4 d5 2. Bg5 c6 3. Nf3 Bf5 4. c4 h6 5. Bf4 e6 6. Qb3 Qb6 7. c5 Qxb3 8. axb3
Bxb1 9. Rxb1 g5 10. Be5 f6 11. Bg3 Nd7 12. e3 Ne7 13. b4 a6 14. Ra1 Rc8 15. h3
Nf5 16. Bh2 h5 17. Bd3 Kf7 18. Nd2 Be7 19. Nb3 Bd8 20. Na5 Bxa5 21. bxa5 Nf8
22. Ra4 Rd8 23. Rb4 Rd7 24. Ke2 Rg8 25. g4 hxg4 26. hxg4 Ne7 27. Ra1 Rg7 28.
Ra3 Kg8 29. Rab3 Nc8 30. Bxa6 bxa6 31. Rb8 Na7 32. R3b6 Rgf7 33. Rxa6 Kg7 34.
Bd6 Ng6 35. Rab6 e5 36. a6 exd4 37. exd4 Nf4+ 38. Ke3 Ne6 39. Ra8 Nb5 40. Rxc6
Nexd4 41. Rcc8 Rfe7+ 42. Bxe7 Rxe7+ 43. Kd3 Re1 44. a7 Rd1+ 45. Ke3 Re1+ 46.
Kd2 Nf3+ 47. Kd3 Ne5+ 48. Kc2 Re2+ 49. Kb1 Re1+ 50. Ka2 Nd3 51. Rg8+ Kh7 52.
Rh8+ Kg6 53. Rag8+ Kf7 54. Rf8+ Kg7 55. Rhg8+ Kh7 56. Rh8+ Kg6 57. a8=Q Nc1+
58. Kb1 Ne2+ 59. Kc2 Nbd4+ 60. Kd3 Nf4+ 61. Kxd4 Rd1+ 62. Kc3 1-0

[Event "Hastings Premier 1986/87 62nd"]
[Site "Hastings, Queen's Hotel"]
[Date "1987.01.13"]
[Round "13"]
[White "Chandler, Murray G"]
[Black "Hodgson, Julian"]
[Result "1-0"]
[WhiteElo "2565"]
[BlackElo "2500"]
[PlyCount "79"]
[EventDate "1986.12.29"]
[EventType "tourn"]
[EventRounds "13"]
[EventCountry "ENG"]
[EventCategory "10"]
[SourceTitle "Britbase"]

1. e4 e5 2. Nf3 d6 3. Bc4 Qf6 4. d3 Bg4 5. Nbd2 Nc6 6. c3 Nge7 7. h3 Bd7 8. b4
Ng6 9. Nf1 Nf4 10. Ne3 h6 11. Nh2 Qg6 12. Qf3 Be7 13. h4 Bxh4 14. g3 Bf6 15. b5
Na5 16. gxf4 exf4 17. Nd5 O-O-O 18. Bxf4 Nxc4 19. dxc4 Rhe8 20. O-O-O Rxe4 21.
Nxf6 gxf6 22. Rd4 Rde8 23. Be3 Rxd4 24. Bxd4 c5 25. Bxf6 Bf5 26. Bh4 Be4 27.
Re1 Bxf3 28. Rxe8+ Kc7 29. Nxf3 Qd3 30. Re7+ Kb6 31. Nd2 Qxc3+ 32. Kd1 f6 33.
Bg3 Qd4 34. Re4 Qa1+ 35. Ke2 Qxa2 36. Re6 Ka5 37. Rxd6 a6 38. bxa6 bxa6 39.
Rxf6 Qb2 40. Bc7+ 1-0

[Event "Hastings Premier 1986/87 62nd"]
[Site "Hastings, Queen's Hotel"]
[Date "1987.01.13"]
[Round "13"]
[White "Conquest, Stuart"]
[Black "Plaskett, H James"]
[Result "1/2-1/2"]
[WhiteElo "2430"]
[BlackElo "2435"]
[PlyCount "78"]
[EventDate "1986.12.29"]
[EventType "tourn"]
[EventRounds "13"]
[EventCountry "ENG"]
[EventCategory "10"]
[SourceTitle "Britbase"]

1. d4 Nf6 2. c4 c5 3. d5 g6 4. Nc3 Bg7 5. e4 d6 6. h3 b5 7. cxb5 a6 8. Nf3 O-O
9. bxa6 Qa5 10. Bd2 Bxa6 11. Bxa6 Qxa6 12. Qe2 Qxe2+ 13. Kxe2 Nbd7 14. Rhe1
Rfb8 15. Rab1 Ne8 16. Kf1 Nc7 17. Bf4 Nb6 18. Nd2 Na4 19. Nxa4 Rxa4 20. b3 Rxa2
21. Nc4 Bd4 22. Re2 Ra7 23. Bd2 Rba8 24. g4 Nb5 25. e5 dxe5 26. Nxe5 Bxe5 27.
Rxe5 f6 28. Re4 Rd8 29. b4 c4 30. Be3 Rb7 31. Rc1 Rxd5 32. Rexc4 Nd6 33. Rc5
Rd3 34. Rc7 Rxc7 35. Rxc7 Kf7 36. Bc5 Ke6 37. Kg2 f5 38. b5 fxg4 39. hxg4 Nxb5
1/2-1/2

[Event "Hastings Premier 1986/87 62nd"]
[Site "Hastings, Queen's Hotel"]
[Date "1987.01.13"]
[Round "13"]
[White "Large, Peter G"]
[Black "Mestel, A Jonathan"]
[Result "0-1"]
[WhiteElo "2370"]
[BlackElo "2505"]
[PlyCount "226"]
[EventDate "1986.12.29"]
[EventType "tourn"]
[EventRounds "13"]
[EventCountry "ENG"]
[EventCategory "10"]
[SourceTitle "Britbase"]

1. e4 c5 2. Nf3 d6 3. d4 cxd4 4. Nxd4 Nf6 5. Nc3 g6 6. Be2 Bg7 7. O-O O-O 8.
Be3 Nc6 9. Nb3 Be6 10. f4 Qc8 11. Bf3 Ng4 12. Bc1 a5 13. Nd5 a4 14. Nb6 Qd8 15.
Nxa8 h5 16. f5 Bc4 17. Bxg4 Bxf1 18. Bxh5 Ba6 19. fxg6 fxg6 20. Qd5+ Kh7 21.
Be3 axb3 22. Nb6 bxc2 23. Bg4 Bxb2 24. Qg5 Rf6 25. Qh6+ Kg8 26. Nd7 e6 27.
Nxf6+ Qxf6 28. Re1 Ne5 29. h3 Bc4 30. Be2 Bxe2 31. Rxe2 Nf7 32. Qf4 Qxf4 33.
Bxf4 c1=Q+ 34. Bxc1 Bxc1 35. Rc2 Be3+ 36. Kf1 Bc5 37. a4 Ne5 38. a5 Nc6 39. Ra2
Nb4 40. Ra1 Kf7 41. Ke2 g5 42. Rf1+ Kg6 43. g3 Nc6 44. Ra1 Bb4 45. a6 bxa6 46.
Rxa6 Nd4+ 47. Kd3 Nf3 48. Ra8 Bc5 49. Rc8 Kf7 50. Ke2 Ng1+ 51. Kf1 Nf3 52. Ke2
Ne5 53. Ra8 Ng6 54. Kf3 Kf6 55. Rg8 Bb4 56. Rb8 Bc3 57. Rb3 Bd4 58. Rb8 Ne5+
59. Ke2 Nd7 60. Rg8 Bb2 61. Kf3 Bc1 62. Rd8 Ne5+ 63. Ke2 Nf7 64. Rc8 Ba3 65.
Ra8 Bc5 66. Kf3 Ne5+ 67. Ke2 g4 68. hxg4 Nxg4 69. Rg8 Ne5 70. Rh8 Nf7 71. Rh1
Bd4 72. Rh5 Be5 73. Kf2 Ng5 74. Rh6+ Kg7 75. Rh4 Nh7 76. Rg4+ Kf7 77. Rh4 Nf6
78. Kf3 Kg6 79. Rh1 Nh5 80. g4 Nf6 81. Rc1 Nh7 82. Ke3 Ng5 83. Rd1 Nf7 84. Kf3
Bg7 85. Rb1 Bd4 86. Rd1 Ng5+ 87. Kg2 Bc5 88. Re1 Kf6 89. e5+ dxe5 90. Rf1+ Kg6
91. Rc1 Be3 92. Rc8 e4 93. Kg3 Bd4 94. Rg8+ Kf6 95. Rf8+ Ke5 96. Rg8 Be3 97.
Ra8 Bd2 98. Rg8 Be1+ 99. Kg2 Kf4 100. Kf1 Bc3 101. Ke2 Bd4 102. Rd8 e5 103.
Rf8+ Kxg4 104. Rg8 Bc5 105. Rc8 Ne6 106. Re8 Nf4+ 107. Kf1 Bd4 108. Rg8+ Kf3
109. Rg2 e3 110. Rf2+ Ke4 111. Rc2 e2+ 112. Ke1 Ke3 113. Rd2 Ng2# 0-1

[Event "Hastings Challengers 1986/87"]
[Site "Hastings"]
[Date "1986.12.??"]
[Round "1"]
[White "Helbig, Paul D"]
[Black "Kosten, Anthony C"]
[Result "0-1"]
[WhiteElo "2200"]
[BlackElo "2455"]
[PlyCount "50"]
[EventDate "1986.12.29"]
[EventType "swiss"]
[EventRounds "10"]
[EventCountry "ENG"]
[SourceTitle "BritBase"]
[Source "John Saunders"]
[SourceDate "2024.12.03"]
[SourceVersion "1"]
[SourceVersionDate "2024.12.03"]
[SourceQuality "1"]

1. c4 Nf6 2. Nc3 e6 3. e4 c5 4. e5 Ng8 5. Nf3 d5 6. d4 Nc6 7. dxc5 Bxc5 8. cxd5 exd5 9. Be2 Nge7 10. O-O a6 11. Bg5 h6 12. Bxe7 Nxe7 13. Rc1 Ba7 14. Rc2 Be6 15. Rd2 Qc7 16. Re1 O-O 17. Nd4 Ng6 18. Bf3 Rad8 19. Nb3 Nxe5 20. Bxd5 Ng4 21. Nd4 Qxh2+ 22. Kf1 Bxd5 23. Nxd5 Rxd5 24. Qxg4 Qh1+ 25. Ke2 Re8+ {Source: BCM, February 1987, p71} 0-1

[Event "Hastings Challengers 1986/87"]
[Site "Hastings"]
[Date "1986.12.??"]
[Round "3"]
[White "Hansen, Mads Smith"]
[Black "Kosten, Anthony C"]
[Result "1-0"]
[WhiteElo "2200"]
[BlackElo "2455"]
[PlyCount "91"]
[EventDate "1986.12.29"]
[EventType "swiss"]
[EventRounds "10"]
[EventCountry "ENG"]
[SourceTitle "BritBase"]
[Source "John Saunders"]
[SourceDate "2024.12.03"]
[SourceVersion "1"]
[SourceVersionDate "2024.12.03"]
[SourceQuality "1"]

1. e4 e6 2. d4 d5 3. Nc3 Bb4 4. e5 Ne7 5. a3 Bxc3+ 6. bxc3 c5 7. Qg4 Qc7 8. Qxg7 Rg8 9. Qxh7 cxd4 10. Ne2 Nbc6 11. f4 Bd7 12. Qd3 dxc3 13. Rb1 Nf5 14. h3 d4 15. g4 Nh4 16. Qh7 Nf3+ 17. Kf2 O-O-O 18. Kxf3 Nxe5+ 19. fxe5 Bc6+ 20. Kf2 Bxh1 21. Rb4 Qxe5 22. Bf4 Qc5 23. Qd3 Bc6 24. Bg2 Rd5 25. Rc4 Qa5 26. Bxd5 Qxd5 27. Rxc6+ Qxc6 28. Qxd4 b6 29. Qxc3 Kb7 30. Qf6 Qd7 31. Nd4 Rc8 32. h4 Rc5 33. Nf3 Rxc2+ 34. Kg3 Ka6 35. Qd4 Qb5 36. h5 f6 37. Qe4 Qb3 38. h6 e5 39. h7 exf4+ 40. Qxf4 Rc8 41. Qxf6 Qxa3 42. g5 Qe3 43. h8=Q Rxh8 44. Qxh8 b5 45. Qf6+ Ka5 46. Qa1+ {n.b. identified as coming from the 1987/88 Hastings Challengers by Mega Database but this is wrong. In fact it was played in round 3 of the 1986/87 Hastings Challengers. JS} 1-0

[Event "Hastings Challengers 1986/87"]
[Site "Hastings"]
[Date "1986.12.??"]
[Round "3"]
[White "Mortazavi, Ali"]
[Black "McNab, Colin Anderson"]
[Result "0-1"]
[WhiteElo "2200"]
[BlackElo "2415"]
[PlyCount "46"]
[EventDate "1986.12.29"]
[EventType "swiss"]
[EventRounds "10"]
[EventCountry "ENG"]
[SourceTitle "BritBase"]
[Source "John Saunders"]
[SourceDate "2024.12.03"]
[SourceVersion "1"]
[SourceVersionDate "2024.12.03"]
[SourceQuality "1"]

1. d4 d6 2. Nf3 g6 3. Bf4 Bg7 4. e3 Nd7 5. h3 e5 6. Bh2 Ne7 7. Bc4 O-O 8. O-O d5 9. Bb3 e4 10. Nfd2 c5 11. c3 Kh8 12. Bc2 f5 13. dxc5 Nxc5 14. Nb3 Ne6 15. Nd4 g5 16. f3 Qb6 17. Bb3 f4 18. fxe4 Nxd4 19. cxd4 dxe4 20. Nc3 Nf5 21. Nd5 Qd8 22. exf4 Be6 23. Nc7 Bxb3 {Source: BCM, February 1987, p71} 0-1

[Event "Hastings Challengers 1986/87"]
[Site "Hastings"]
[Date "1986.12.??"]
[Round "4"]
[White "Davies, Nigel Rodney"]
[Black "Hebden, Mark L"]
[Result "1-0"]
[WhiteElo "2440"]
[BlackElo "2440"]
[PlyCount "71"]
[EventDate "1986.12.29"]
[EventType "swiss"]
[EventRounds "10"]
[EventCountry "ENG"]
[SourceTitle "BritBase"]
[Source "John Saunders"]
[SourceDate "2024.12.03"]
[SourceVersion "1"]
[SourceVersionDate "2024.12.03"]
[SourceQuality "1"]

1. Nf3 Nf6 2. g3 g6 3. Bg2 Bg7 4. c4 O-O 5. d4 d6 6. O-O Nc6 7. Nc3 a6 8. b3 Rb8 9. Bb2 b5 10. cxb5 axb5 11. Rc1 Nb4 12. e4 c5 13. a3 Na6 14. e5 Ng4 15. h3 dxe5 16. hxg4 cxd4 17. Ne4 Bxg4 18. Qd2 Bxf3 19. Bxf3 f5 20. Ng5 e4 21. Ne6 Qd5 22. Nxg7 e5 23. Nxf5 gxf5 24. Bg2 Rb6 25. Qa5 Rg6 26. a4 Rb8 27. axb5 Qxb5 28. Rc8+ Kg7 29. Qd8 Rxc8 30. Qxc8 Qxb3 31. Qxf5 Qxb2 32. Bxe4 Qb5 33. Rb1 Nb4 34. Rc1 Qb8 35. Qd7+ Kh6 36. Rc7 {Source: BCM, February 1987, p70} 1-0

[Event "Hastings Challengers 1986/87"]
[Site "Hastings"]
[Date "1986.12.??"]
[Round "5"]
[White "Boesken, Clemens Peter"]
[Black "Jacobs, Byron A"]
[Result "1-0"]
[WhiteElo "2250"]
[BlackElo "2305"]
[PlyCount "49"]
[EventDate "1986.12.29"]
[EventType "swiss"]
[EventRounds "10"]
[EventCountry "ENG"]
[SourceTitle "BritBase"]
[Source "John Saunders"]
[SourceDate "2024.12.03"]
[SourceVersion "1"]
[SourceVersionDate "2024.12.03"]
[SourceQuality "1"]

1. e4 e5 2. Nf3 Nc6 3. Bb5 a6 4. Ba4 Nf6 5. O-O b5 6. Bb3 Bb7 7. c3 Nxe4 8. d4 Na5 9. Bc2 exd4 10. Re1 d5 11. Nxd4 c5 12. f3 cxd4 13. fxe4 dxe4 14. Bxe4 Bxe4 15. Qg4 Qd5 16. Rxe4+ Be7 17. cxd4 b4 18. Nd2 Nc6 19. Nf3 O-O 20. Bh6 Bf6 21. Rc1 Rad8 22. Rf4 Qd6 23. Rxf6 Qxf6 24. Rxc6 Rxd4 25. Nxd4 {Source: BCM, February 1987, p70} 1-0

[Event "Hastings Challengers 1986/87"]
[Site "Hastings"]
[Date "1986.12.??"]
[Round "5"]
[White "Delanoy, Arnaud"]
[Black "Lane, Gary William"]
[Result "0-1"]
[WhiteElo "2235"]
[BlackElo "2315"]
[PlyCount "60"]
[EventDate "1986.12.29"]
[EventType "swiss"]
[EventRounds "10"]
[EventCountry "ENG"]
[SourceTitle "BritBase"]
[Source "John Saunders"]
[SourceDate "2024.12.03"]
[SourceVersion "1"]
[SourceVersionDate "2024.12.03"]
[SourceQuality "1"]

1. e4 e5 2. f4 d5 3. exd5 c6 4. dxc6 Nxc6 5. Bb5 exf4 6. Nf3 Bd6 7. d4 Nge7 8. O-O O-O 9. Nbd2 Bg4 10. c3 Bc7 11. Kh1 Qd5 12. Bd3 Qh5 13. Ne4 Nf5 14. Kg1 Nh4 15. Rf2 Rae8 16. b3 Bxf3 17. gxf3 f5 18. Nc5 Rf6 19. Bc4+ Kh8 20. Nd3 Re3 21. Ne1 Rg6+ 22. Kh1 Qg5 23. Nd3 Rxf3 24. Qe1 Ne7 25. Ne5 Bxe5 26. dxe5 Re3 27. Qd1 h5 28. Ba3 Ng8 29. Qd5 Nh6 30. Qxb7 Nf3 {Source: BCM, February 1987, p71} 0-1

[Event "Hastings Challengers 1986/87"]
[Site "Hastings"]
[Date "1986.12.??"]
[Round "6"]
[White "Davies, Nigel Rodney"]
[Black "Karolyi, Tibor Jr"]
[Result "1-0"]
[WhiteElo "2440"]
[BlackElo "2410"]
[PlyCount "35"]
[EventDate "1986.12.29"]
[EventType "swiss"]
[EventRounds "10"]
[EventCountry "ENG"]
[SourceTitle "BritBase"]
[Source "John Saunders"]
[SourceDate "2024.12.03"]
[SourceVersion "1"]
[SourceVersionDate "2024.12.03"]
[SourceQuality "1"]

1. e4 c5 2. d3 d5 3. Nd2 Nc6 4. g3 e5 5. exd5 Qxd5 6. Ngf3 Be6 7. Bg2 Qd7 8. O-O f6 9. Ne4 Rd8 10. Re1 b6 11. a3 Be7 12. Qe2 Kf7 13. b4 cxb4 14. axb4 Bxb4 15. c3 Be7 16. d4 exd4 17. cxd4 Nb4 18. Neg5+ {Source: BCM, February 1987, p71} 1-0